00630nam a22002297a 4500003000500000005001700005008004100022010001000063011001000073035001000083040000900093082001300102100002400115245004000139260006700179300000900246490003900255650001800294650002800312700002100340830003900361CHAP20220817042406.0971013c19711963 r 00010 d a43325 a44297 a48435 cCHAP a331bF7Y00aFriedmann, Georges. aTratado de sociología del trabajo aMéxico, D.F. :bFondo de Cultura Económica,c1971 (c.1963) a2 v. aSección de obras de sociología14aSociología.14aTrabajo y trabajadores.0 aNaville, Pierre.0 aSección de obras de sociología